• 首页
  • 本馆介绍
  • 公告通知
  • 最新文献
  • 馆藏检索
  • 电子资源
  • 读者导购
  • 参考咨询
  • 我的图书馆
  • 登录
  • 详细信息显示
  • 放入我的书架
  • 预约/预借图书
  • 作者相关作品
  • 分类相关作品
  • 丛书相关作品
  • 出版社相关作品

书目信息

  • 表格格式
  • 工作单格式
  • 卡片格式
题名:
移动音频编码丢帧隐藏技术与应用
    
 
作者: 项慨 著
分册:  
出版信息: 武汉   湖北人民出版社  2018
页数: 112页
开本: 24cm
丛书名: 湖北经济学院学术文库
单 册:
中图分类: TN912.3
科图分类:
主题词: 移动通信--音频编码--研究
电子资源:
ISBN: 978-7-216-09569-3
000 00936oam2 2200253 450
001 012001001460
005 20131108110851.0
010    @a978-7-216-09569-3@dCNY26.00
100    @a20190406d2018 em y0chiy50 ea
101 0  @achi
102    @aCN@b420000
105    @aa z 000yy
106    @ar
200 1  @a移动音频编码丢帧隐藏技术与应用@Ayi dong yin pin bian ma diu zhen yin cang ji shu yu ying yong@f项慨著
210    @a武汉@c湖北人民出版社@d2018
215    @a112页@c图@d24cm
225 2  @a湖北经济学院学术文库
330    @a本书共6章,主要内容包括:移动音频编码概述、移动音频编码丢帧隐藏技术概述、ACELP编码器自适应丢帧隐藏方法、基于HMM的丢帧隐藏方法、TCX编码器增益控制丢帧隐藏方法、移动音频编码丢帧隐藏技术应用。
410  0 @12001 @a湖北经济学院学术文库
606 0  @a移动通信@x音频编码@x研究
690    @aTN912.3@v5
701  0 @a项慨@Axiang kai@4著
801  0 @aCN@b北京卓展@c20191020
905    @b1198345-8@dTN912.3@e87@f4
    
    移动音频编码丢帧隐藏技术与应用/项慨著.-武汉:湖北人民出版社,2018
    112页:图;24cm.-(湖北经济学院学术文库)
    
    
    ISBN 978-7-216-09569-3:CNY26.00
    本书共6章,主要内容包括:移动音频编码概述、移动音频编码丢帧隐藏技术概述、ACELP编码器自适应丢帧隐藏方法、基于HMM的丢帧隐藏方法、TCX编码器增益控制丢帧隐藏方法、移动音频编码丢帧隐藏技术应用。
●
相关链接 在E读中查询图书 在五车中查询图书 在当当中查询图书 在豆瓣中查询图书


正题名:移动音频编码丢帧隐藏技术与应用     索取号:TN912.3/87         预约/预借

序号 登录号 条形码 馆藏地/架位号 状态 备注
1 1198345   211983451   第二样本阅览室/ [索取号:TN912.3/87] 在馆    
2 1198346   211983460   第三借阅区/ [索取号:TN912.3/87] 在馆    
3 1198347   211983479   第三借阅区/ [索取号:TN912.3/87] 在馆    
4 1198348   211983488   第三借阅区/ [索取号:TN912.3/87] 在馆    
唐山师范学院图书馆 欢迎您!
大连网信软件有限公司© 版权所有